Cars - Vainqueur de la Piston Cup - Statistiques

Statistiques générales
  • Ce quiz a été pris 73 fois
  • Le résultat moyen est 20 sur 77
Statistiques - réponses
Année Ecurie Réponse % Correct
2006 Rust-eze Lightning McQueen
81%
2007 Rust-eze Lightning McQueen
81%
2009 Rust-eze Lightning McQueen
81%
2010 Rust-eze Lightning McQueen
81%
2011 Rust-eze Lightning McQueen
81%
2012 Rust-eze Lightning McQueen
81%
2015 Rust-eze Lightning McQueen
81%
2005 Hostile Takeover Bank Chick Hicks
63%
1951 NA Hudson Hornet
60%
1952 NA Hudson Hornet
60%
1953 NA Hudson Hornet
60%
2016 IGNTR Jackson Storm
60%
2019 IGNTR Jackson Storm
60%
2025 IGNTR Jackson Storm
60%
2017 Dinoco Cruz Ramirez
56%
2018 Dinoco Cruz Ramirez
56%
2021 Dinoco Cruz Ramirez
56%
1971 Jen's Diner Strip Weathers
44%
1974 Jen's Diner Strip Weathers
44%
1975 Dinoco Strip Weathers
44%
1979 Dinoco Strip Weathers
44%
1989 Dinoco Strip Weathers
44%
1997 Dinoco Strip Weathers
44%
2004 Dinoco Strip Weathers
44%
2013 Dinoco Cal Weathers
33%
2014 Octane Gain Bobby Swift
21%
1957 NA Louise Nash
19%
2002 Apple Inc. Mac iCar
16%
2020 Vitoline Chase Racelott
14%
1954 Leak Less Lee Weathers
14%
1956 NA River Scott
14%
1980 Sidewall Shine Dale Earnhardt
12%
1987 Sidewall Shine Dale Earnhardt
12%
1991 Sidewall Shine Dale Earnhardt
12%
1994 Sidewall Shine Dale Earnhardt
12%
2003 Dale Earnhardt Inc. Dale Earnhardt Jr.
12%
1981 Sludgee Darell Cartrip
12%
1982 Sludgee Darell Cartrip
12%
1985 Sludgee Darell Cartrip
12%
1958 NA Junior Moon
12%
2024 Bumper Save Paul Conrev
12%
2008 RPM Winford Bradford Rutherford
12%
1996 Sputter Stop Murray Clutchburn
9%
1999 Sputter Stop Murray Clutchburn
9%
2023 Blinkr Ryan Laney
9%
2022 Nitroade Tim Treadless
9%
1988 Texas Tea Bill Racelott
7%
1995 Spare Mint Ernie Gearson
7%
1998 Tank Coat Eugene Carbureski
7%
2000 Retread Haul Inngas
7%
1990 Clutch Aid Klint Shiftright
7%
1992 Clutch Aid Klint Shiftright
7%
1993 Clutch Aid Klint Shiftright
7%
1976 Clutch Aid Kraig Shiftright
7%
1977 Clutch Aid Kraig Shiftright
7%
1961 Mood Springs Lee Cunningham
7%
1962 Mood Springs Lee Cunningham
7%
1955 Re-Volting and Faraday Valley Dealers Leroy Heming
7%
2001 Tow Cap Rusty Cornfuel
7%
1963 Gasprin Spyder Dangerford
7%
1965 Gasprin Spyder Dangerford
7%
1966 Gasprin Spyder Dangerford
7%
1969 Gasprin Spyder Dangerford
7%
1978 Trunk Fresh Alloy Wilson
5%
1984 Trunk Fresh Alloy Wilson
5%
1970 Arrow Trucking & Shipping Bobby Carsac
5%
1983 RPM Don Chapcar
5%
1986 RPM Don Chapcar
5%
1950 RPM Jack Ford
5%
1959 RPM Jack Ford
5%
1968 Cozsen Joseph Anthony Foyt
5%
1967 NA Mario Andretti
5%
1960 Nitroade Morris Axler
5%
1964 Nitroade Morris Axler
5%
1949 Sidewall Shine Slide Powers
5%
1972 Southern Gold Gasoline Thomas Tireson
5%
1973 Southern Gold Gasoline Thomas Tireson
5%
Aucun quiz correspondant
Distribution des résultats
% des personnes avec chaque résultat
Percentile par nombre de réponses
Votre historique - résultats
Vous n’avez pas pris ce quiz